Efektívnosť využívania municipálneho majetku

Efektívnosť využívania municipálneho majetku. Výskumná vzorka. Celková efektívnosť využívania municipálneho majetku pri výkone samosprávy. Celková efektívnosť využívania municipálneho majetku na verejné účely, najmä na zabezpečovanie miestnych verejných služieb. Celková efektívnosť využívania munici...

Descripción completa

Guardado en:
Detalles Bibliográficos
Autor principal: Kožiak, Radoslav
Formato: Capítulo de libro
Lenguaje:eslovaco
Materias:
Etiquetas: Agregar Etiqueta
Sin Etiquetas, Sea el primero en etiquetar este registro!

MARC

LEADER 00000naa$a2200000$$$4500
001 0027055
005 20231107131127.9
041 0 |a slo 
044 |a SK 
245 1 0 |a Efektívnosť využívania municipálneho majetku  |c Radoslav Kožiak 
520 |a Efektívnosť využívania municipálneho majetku. Výskumná vzorka. Celková efektívnosť využívania municipálneho majetku pri výkone samosprávy. Celková efektívnosť využívania municipálneho majetku na verejné účely, najmä na zabezpečovanie miestnych verejných služieb. Celková efektívnosť využívania municipálneho majetku na podnikateľskú činnosť. Agregovaná efektívnosť využívania municipálneho majetku. 
610 2 0 |a majetok 
610 2 0 |a správa miestna 
610 2 0 |a efektívnosť 
610 2 0 |a samospráva 
610 2 0 |a služby verejné 
610 2 0 |a podnikanie 
100 1 |a Kožiak, Radoslav